000 00841cam a2200265 i 4500
001 18687262
005 20180206042509.0
008 150706t20162016nyua b 001 0 eng d
010 _a 2015452142
020 _a9780190216733
020 _a0190216735
035 _a(OCoLC)ocn910106066
040 _aCPA
_beng
_cCPA
_erda
_dOCLCO
_dDLC
041 _aeng
042 _alccopycat
080 _a320.473 JAM
082 0 4 _a320.473 JAM
_223
100 1 _a22
101 _aPOL
245 1 0 _aBy the people :
_cJames A. Morone, Brown University, Rogan Kersh, Wake Forest University.
504 _aIncludes bibliographical references and index.
906 _a7
_bcbc
_ccopycat
_d2
_encip
_f20
_gy-gencatlg
942 _2ddc
_cBK
999 _c41892
_d41892